000 00512nam a22001937a 4500
003 OSt
005 20191122144143.0
008 130404t xxu||||| |||| 00| 0 eng d
020 _a9718711066
050 _aDS 668
_b.Ag275 1990
082 _aFIL959.9
_bAg7 1990
245 _aHistory of the Filipino people /
_cAgoncillo, Teodoro A.
260 _aQuezon City :
_bR.P. Garcia Pub.,
_c1990.
300 _a637 pages ;
_c23 cm.
526 _c1210L-1700L
562 _e1
942 _2lcc
_cBK
_kFIL
999 _c18863
_d18863